|
|
|
|
| LEADER |
00000nam a22000007a 4500 |
| 005 |
20180710233519.0 |
| 007 |
cr|||| |||| |
| 008 |
180710s2012 es |||||s|||| 00||0 spa d |
| 020 |
|
|
|a 978-84-9123-503-3
|
| 035 |
|
|
|a 21753
|
| 040 |
|
|
|a vLex
|
| 090 |
|
|
|c 8012
|d 8012
|
| 100 |
1 |
|
|a Moreno, Maria Luisa
|
| 245 |
1 |
2 |
|a La usucapin̤
|h [Recurso electrn̤ico] /
|c Maria Luisa Moreno
|
| 256 |
|
|
|a Servicio en ln̕ea
|
| 260 |
|
|
|a Madrid:
|b Marcial Pons,
|c 2012
|
| 300 |
|
|
|a 1 recurso electrn̤ico
|
| 506 |
1 |
|
|a Disponible solo en los productos indicados
|d vLex Global
|d vLex Global (Academic Edition, excluding Law Schools)
|d vLex Global (U.S. Academic Edition, Law Schools)
|d vLex Global (U.S. Academic Edition, excluding Law Schools)
|d vLex Global (Academic Edition, Law Schools)
|
| 650 |
0 |
4 |
|a Derecho Civil
|z Espaą
|
| 740 |
0 |
|
|a vLex Libros (Servicio en ln̕ea)
|
| 856 |
4 |
0 |
|u http://vlex.com/source/usucapion-21753
|z Acceso restringido
|
| 942 |
|
|
|c BOOK
|
| 999 |
0 |
|
|a Civil Law
|